01232nam a2200241Ia 4500001000900000003001000009008004100019040002500060041001300085100002200098245009100120250001100211260006400222300001200286500016300298501011400461520016300575650004000738942000700778957000600785999004100791952015800832L109-657IT-CnALBA170116s9999||||xx |||||||||||||| ||und|| aIT-CnALBAcIT-CnALBA aITALIANO aCODIGNOLA ERNESTO 0aSOMMARIO DI STORIA DELLA FILOSOFIA VOL. III. DALL'IDEALISMO TEDESCO AI GIORNI NOSTRI.  a1a ed. a FIRENZEbNUOVA (LA) ITALIA EDITRICE c1937 [1° Ed.: n.d.] a120 p.  aIDEALISMO POSTKANTIANO IN GERMANIA. FILOSOFIA ITALIANA (1600 1800). HERBART. IL POSITIVISMO. REAZIONE AL POSITIVISMO. NUOVO IDEALISMO. DOTTRINA DEL FASCISMO.  aSocietà San Paolo EM - Piazza San Paolo, 14 - 12051 ALBA (CN) (non commercial uses only) ® Copyright 2017 aIDEALISMO POSTKANTIANO IN GERMANIA. FILOSOFIA ITALIANA (1600 1800). HERBART. IL POSITIVISMO. REAZIONE AL POSITIVISMO. NUOVO IDEALISMO. DOTTRINA DEL FASCISMO.  aTRATTAZIONE STORICA DELLA FILOSOFIA cBK 71 a756bSI g Copie: 1 c259893d259893 0010406L_10965771aALBAbALBAd2017-01-16l0oL109-657r2017-01-16 00:00:00w2017-01-16yBKz(data import: 16 gennaio 2017) - By Epidotti, Vaglietti.